000 00478nam a2200145Ia 4500
008 151213s9999 xx 000 0 und d
100 _aআসরার মাসুদ।
245 _aজন্মের অপেক্ষা।
_cআসরার মাসুদ।
260 _aঢাকা
_bবংলা একাডেমী।
_c1996
300 _a8643 p.
650 _aBangla
650 _aগল্প।
700 _aআসরার মাসুদ।
999 _c4430
_d4430